| 000 | 00380 a2200145 4500 | ||
|---|---|---|---|
| 020 | _a9788424177225 | ||
| 020 | _a8424177223 | ||
| 041 | _aspa | ||
| 100 | _aLalana, Fernando | ||
| 245 | _aSegismundo y compania : comedia de costumbres caribenas / Fernando Lalana. | ||
| 260 | _aLeon Everest, [2008] | ||
| 300 |
_a80 p. _c21 cm. |
||
| 440 | _aPunto de encuentro | ||
| 942 | _cBK | ||
| 999 |
_c12939 _d12939 |
||